000 00219nam a2200085Ia 4500
008 120527s9999 xx 000 0 und d
100 _aMason, et al
245 _aStatistical tecniques in buisnes and Economics
942 _cBK
999 _c27137
_d27137